000 nam a22 a 4500
999 _c490043
_d490043
003 BLK
005 20230328111731.0
008 200630b bu |||||r|||| 00| | bu d
020 _a978-619-7616-26-2
040 _aBLK
041 _aBUL
_cBUL
080 _aСредни училища
_b373.5
_x(497.215)(091)(092)(047.53)
_z373.5(497.215)(091)(092)(047.53)
080 _aБиографии
_b929
_x(497.215)
_z929(497.215)
110 _9486990
_aСредно училище с преподаване на немски език Фридрих Шилер (Русе)
_gСУПНЕ
139 _a[Тридесет] 30 години Средно училище с преподаване на немски език - Русе
_bТ 83
245 _a[Тридесет] 30 години Средно училище с преподаване на немски език - Русе
_bСборник
_cсъстав., предг. и ред. Николай Чакъров; прев. на нем. Петя Великова; прев. на англ. Веселка Симеонова.
257 _aBGR
260 _9209554
_aРусе
_bЛени Ан
_c2022
_n978-619-7058- ; 978-954-8190-
300 _a115 с.
_bс ил., портр.
_c21 см
380 _a3
500 _aРез. на нем, англ. ез. / прев. Петя Великова, Веселка Симеонова. - Съдържа интервюта с: Пламен Иванов, Олга Георгиева, Елена Вачкова, Диана Паунова, Ирина Няголова, Теменуга Даневска, Гинка Мартева, Милка Кожухарова, Румяна Сидерова, Радка Симеонова, Гинка Кръстева, Стоянка Тодорова, Рубина Маринова, Жанета Катана, Добрил Христов, Атанас Петров
650 0 _9244252
_aУчители, български
650 0 _9284655
_aСредно образование - България
651 7 _9179462
_aРусе
653 7 _9197223
_aсредни училища
653 0 _9470831
_aгодишнини
700 _91564
_aЧакъров, Николай Иванов
_eсъстав., предг. и ред.
700 _9999
_aВеликова, Петя Румянова
_eпрев. на нем.
700 _9988
_aСимеонова, Веселка Йорданова
_eпрев. на англ.
710 _9486990
_aСредно училище с преподаване на немски език Фридрих Шилер (Русе)
856 _i0.00
_ldisable
942 _cKNG
_n0
_s1
944 _aCR
_c2023-03-24
_kСТ
999 _d490043
999 _d490043